000 00862cam a22002055a 4500
001 L156698
008 120626s1808 xxk f 000 0 eng d
035 _a(Sirsi) u156698
041 0 _aeng
100 1 _aNewton, Isaac
_cSir
_d1642-1727
245 0 0 _aTables for Renewing and Purchasing of the Leases of Cathedral-Churches and Colleges ... The fourth edition corrected. To which is added, The Value of Church and College Leases Consider'd, etc.
250 _aThe eighth edition, etc.
260 _aLondon
_bJ. Nunn & R. Lea
_c1808
300 _aiv, 210 p.
_c12o
520 _aBound with William Inwwod's "Tables for the purchasing of estates" (1811). See L155486 for a separate copy of this publication.
583 _aCondition reviewed
_c20120620
_lcondition level 2
651 4 _aGreat Britain
_y1707-
690 _aLandlord and tenant
_96252
942 _n0
999 _c114366
_d114366